| 000 | 00393 a2200157 4500 | ||
|---|---|---|---|
| 005 | 20250629150711.0 | ||
| 020 | _a0-256-06976-x | ||
| 082 | _a657 EDW | ||
| 100 | _aDWARS, J. D. | ||
| 245 | _aA Survey of Financial and Managerial Accounting, | ||
| 250 | _a5th Ed. | ||
| 260 |
_bHomewood, _c1989. |
||
| 300 |
_axii, 836p,: ill.; _bIndex _c24cm |
||
| 700 | _aHERMANSON, R. H. | ||
| 942 |
_2ddc _cBKS |
||
| 999 |
_c6421 _d6421 |
||